Cambridge Advanced Learner´s Dictionary New

Gespeichert in:
Bibliographische Detailangaben
Format: Buch
Sprache:Englisch
Veröffentlicht: Cambridge Cambridge University Press 2003
Schlagworte:
Online-Zugang:Im OPAC anzeigen
Tags: Tag hinzufügen
Keine Tags, Fügen Sie das erste Tag hinzu!

MARC

LEADER 00000nam a2200000 a 4500
005 20260127134132.0
008 060525 2003 enk 000 0 eng d
020 |a 0521531063 
035 |a vtls008703819 
039 9 |y 200605251211  |z mschk03 
040 |a STUSCHK1  |b slo  |c STUSCHK1  |e AACR2 
080 |a 802.0 
245 1 |a Cambridge Advanced Learner´s Dictionary New 
260 |a Cambridge  |b Cambridge University Press  |c 2003 
300 |a 1550 p. + CD-ROM 
650 0 |a dictionary 
910 |a SCHK95 
919 |a 0-521-53106-3 
999 |c 4865  |d 4865